|
|
|
|
| LEADER |
00000nim a2200000 a 4500 |
| 001 |
vtls011918967 |
| 003 |
SK-MaSNL |
| 005 |
20260301185737.0 |
| 007 |
sd fungnnmmned |
| 008 |
200220s2020 xo nnnnfs f n slo |
| 015 |
|
|
|a SNBJ2022
|
| 020 |
|
|
|a 9788018086179 (CDROM)
|
| 040 |
|
|
|a SNK
|b slo
|c SNK
|e AACR2
|
| 041 |
0 |
|
|a slo
|
| 044 |
|
|
|a xo
|c SK
|
| 072 |
|
7 |
|a 821.162.4-3
|x Slovenská próza
|2 konspekt
|
| 080 |
|
|
|a 355.426(437.6)"1944"
|2 2011
|
| 080 |
|
|
|a 355.48(100)"1939/1945"
|2 2011
|
| 080 |
|
|
|a 821.162.4-31
|2 2011
|
| 080 |
|
|
|a (086.76)
|2 2011
|
| 100 |
1 |
|
|a Modrovich, Jozef,
|d 1922-1990
|4 aut
|9 40143
|
| 245 |
1 |
0 |
|a Tri Duby
|h elektronický zdroj
|c Jozef Modrovich ; číta: Igor Šabek
|
| 260 |
|
|
|a Levoča
|b Slovenská knižnica pre nevidiacich Mateja Hrebendu
|c 2020
|
| 300 |
|
|
|a 1 elektronický optický disk (CD-ROM)
|b digitálny, MP3
|c 12cm
|
| 306 |
|
|
|a 181500
|
| 520 |
8 |
|
|a Románovo ladený príbeh vojnového letca Jozefa Modrovicha podáva obraz množstva dôležitých a interesantných udalostí osudného povstaleckého leta a jesene 1944, počnúc prípravami povstania v Leteckej škole slovenských vzdušných zbraní, cez sformovanie Kombinovanej letky leteckej skupiny povstaleckej armády, až po jednotlivé boje a osudy povstaleckých letcov.
|
| 521 |
|
|
|a Pre nevidiacich, slabozrakých a inak zdravotne postihnutých
|
| 650 |
0 |
7 |
|a Slovenské národné povstanie (1944)
|2 SNKPH
|9 177948
|
| 650 |
0 |
7 |
|a druhá svetová vojna (1939-1945)
|2 SNKPH
|9 169657
|
| 655 |
|
7 |
|a zvukové záznamy
|2 SNKPH
|9 70720
|
| 655 |
|
7 |
|a slovenské romány
|2 SNKPH
|9 70324
|
| 700 |
1 |
|
|a Šabek, Igor,
|d 1958-
|4 nrt
|9 312846
|
| 787 |
0 |
8 |
|i Podľa knihy:
|t Tri Duby
|d Banská Bystrica : Múzeum Slovenského národného povstania v Banskej Bystrici, 2019
|z 978-80-89514-60-1
|
| 919 |
|
|
|a 978-80-18-08617-9
|
| 958 |
|
|
|a LX
|
| 958 |
|
|
|a SX
|
| 999 |
|
|
|c 865039
|d 866969
|
| 952 |
|
|
|a SNK
|b SNK
|y PREZ
|7 0
|p 17A1457585
|o snkSCD 5538
|i snk2021/11573
|8 0
|0 0
|1 0
|4 0
|d 2021-09-03
|l 0
|r 2026-02-24 05:24:17
|w 2026-02-24
|